00473nam a2200157 a 450000100080000000500110000800800410001910000220006024500750008226000330015730000090019052000680019965300170026765300130028470000180029711230412015-02-11 2010 bl uuuu t 00u1 u #d1 aZAMPARETTE, A. S. aRELAT??RIO DA MISS??O REALIZADA EM MO??AMBIQUE.h[electronic resource] aFlorian??polis: Epagric2010 a5 p. aO relat??rio descreve as miss??o de treinamento em Mo??ambique. apiscicultura atil??pia1 aCASACA, J. M.